00000000nam##2200000za#4500
0019.612472
003CaOODSP
00520210929082756
007ta
008150406|1995||||xxc|||||     f|0| 0 eng|d
020 |a0-662-23647-5
040 |aCaOODSP|beng
043 |an-cn---
0861 |aFo29-44/95-05E
1101 |aCanada. |bNatural Resources Canada. |bCanadian Forest Service.
24510|aForest biotechnology in Canada : |banalysis of intellectual property rights and protection of higher lifeforms / |cby Stan Globerman and Ilan B. Vertinsky.
260 |aVictoria - British Columbia : |bNatural Resources Canada. |c1995.
300 |axvi, 124p. : |bgraphs, tables ; |c28 cm.
4901 |aWorking paper|vWP-05-95.05
500 |a"This study focuses on the potential impact and desirability of patenting higher lifeforms (multicellular organisms) for application in forestry, specifically seeds and biopesticides."--Introduction.
504 |aBibliography.
5203 |aThis study focuses on the potential impact and desirability of patenting higher lifeforms (multicellular organisms) for application in forestry, specifically seeds and biopesticides.--Introduction
563 |aSoftcover
590 |a95-29|b1995-07-21
69007|aForestry industry|2gcpds
69007|aBiotechnology|2gcpds
7201 |aGloberman, Stan
7201 |aVertinsky, Ilan B.
7760#|tForest biotechnology in Canada : |w(CaOODSP)9.573424
830#0|aWorking paper ;|vWP-05-95.05|w(CaOODSP)9.514643
986 |aWP-05-95.05